QUICKBASIC: manual de referencia
Zapisane w:
| 1. autor: | |
|---|---|
| Format: | Książka |
| Język: | hiszpański |
| Wydane: |
Madrid
Osborne
1990
|
| Hasła przedmiotowe: | |
| Etykiety: |
Dodaj etykietę
Nie ma etykietki, Dołącz pierwszą etykiete!
|
MARC
| LEADER | 00000nam a2200000 a 4500 | ||
|---|---|---|---|
| 001 | UCX8791 | ||
| 003 | CL-VaPUC | ||
| 008 | 940502e19900000SP |||||||||||||||||spa|d | ||
| 082 | 0 | 4 | |a 005.369 |b NAM |2 21 |
| 100 | |a Nameroff, Steven |e autor |9 325987 | ||
| 245 | 1 | 0 | |a QUICKBASIC: manual de referencia |
| 300 | |a 550 p | ||
| 942 | |c BK | ||
| 945 | |d 19940502 00:00:00 |a mfernand | ||
| 260 | |a Madrid |b Osborne |c 1990 | ||
| 500 | |a Cubre versión 4.5 | ||
| 650 | 7 | |a QUICKBASIC PROGRAMA PARA COMPUTADOR |2 CL-VaPUC |9 271753 | |
| 650 | 7 | |a PROGRAMAS PARA COMPUTADOR |2 CL-VaPUC |9 325988 | |
| 583 | |a last modification |c 19940502 00:00:00 |k Rodrigo Vera | ||
| 999 | |c 228190 |d 228188 | ||